Redefining "Race" in North America /
সংরক্ষণ করুন:
| প্রধান লেখক: | |
|---|---|
| বিন্যাস: | পাঠ্য |
| ট্যাগগুলো: |
ট্যাগ যুক্ত করুন
কোনো ট্যাগ নেই, প্রথমজন হিসাবে ট্যাগ করুন!
|
MARC
| LEADER | 00000 a a2200000 04500 | ||
|---|---|---|---|
| 001 | 4789 | ||
| 003 | |||
| 040 | |||
| 100 | |a Kretsedemas, Phillp | ||
| 245 | |a Redefining "Race" in North America / |c Phillp Kretsedemas | ||
| 773 | |g volumen 56, número 6; páginas 826-844 | ||
| 999 | |c 21881 |d 21881 | ||
| 773 | 0 | |0 18701 |9 10526 |d Los Angeles: SAGE Publications |o 05978 |t Current Sociology / |x 00113921 | |
